Forgotten Kings: (Record no. 194254)

MARC details
000 -LEADER
fixed length control field 00830nam a22002177a 4500
005 - DATE AND TIME OF LATEST TRANSACTION
control field 20260604112334.0
010 ## - LCCN (DPL NO)
LC control number B-746549-552 ENG-148734 E.N.A./7.11.22
020 ## - INTERNATIONAL STANDARD BOOK NUMBER
International Standard Book Number 9789392099007
Terms of availability 799.00
035 ## - SYSTEM CONTROL NUMBER
System control number B-746549-552
035 ## - SYSTEM CONTROL NUMBER
System control number EN-132266
037 ## - SOURCE OF ACQUISITION
Source of stock number/acquisition Aakar
037 ## - SOURCE OF ACQUISITION
Source of stock number/acquisition DBAD
082 ## - DEWEY DECIMAL CLASSIFICATION NUMBER
Classification number 954
100 ## - MAIN ENTRY--PERSONAL NAME
Personal name Jan, Changez
245 ## - TITLE STATEMENT
Title Forgotten Kings:
Remainder of title the story of the Hindu Sahi Dynasty/
Statement of responsibility, etc Changez Jan
260 ## - PUBLICATION, DISTRIBUTION, ETC. (IMPRINT)
Place of publication, distribution, etc New Delhi
Name of publisher, distributor, etc Simon & Schuster
Date of publication, distribution, etc 2022
270 ## - ADDRESS
Address 818, Indraprakash Building, 21, Barakhamba Road,
City New Delhi
Postal code 110001
300 ## - PHYSICAL DESCRIPTION
Extent xvii,178p.
Dimensions 22cm(hbk)
942 ## - ADDED ENTRY ELEMENTS (KOHA)
Source of classification or shelving scheme Dewey Decimal Classification
Item type English Books
Call number suffix JAN
Classification part 954
Holdings
Withdrawn status Lost status Not for loan Collection code Home library Current library Date acquired Source of acquisition Cost, normal purchase price Full call number Barcode Copy number Cost, replacement price Koha item type
      Non-fiction Ashok Vihar Ashok Vihar 20/01/2023 Aakar Books/I-2244/28.11.22/142/23.11.22/2.12.22 799.00 954 JAN B-746550 1 799.00 English Books
      Non-fiction Central Library Central Library 20/01/2023 Aakar Books/I-2244/28.11.22/142/23.11.22/2.12.22 799.00 954 JAN B-746549 1 799.00 English Books
    Not For Loan Non-fiction D.B.Act.Division D.B.Act.Division 04/06/2026 Delivery of Books Act Division 799.00 JAN 954 EN-132266 1 799.00 English Books
      Non-fiction Patel Nagar Patel Nagar 20/01/2023 Aakar Books/I-2244/28.11.22/142/23.11.22/2.12.22 799.00 954 JAN B-746551 1 799.00 English Books
      Non-fiction Sarojini Nagar Sarojini Nagar 20/01/2023 Aakar Books/I-2244/28.11.22/142/23.11.22/2.12.22 799.00 954 JAN B-746552 1 799.00 English Books

© Delhi Public Library
Hit Counter
free hit counter